Statistics for Towns beginning with Z: guess the country

Click here to take the quiz!

General Stats

  • This quiz has been taken 14 times
  • The average score is 14 of 20

Answer Stats

QuestionAnswer% Correct
ZagrebCroatia
100%
ZahedanIran
91%
ZapopanMexico
91%
ZariaNigeria
91%
ZhlobinBelarus
82%
ZiboChina
82%
ZulaEritrea
82%
ZhezqazghanKazakhstan
82%
ZouératMauritania
82%
ŽelinoNorth Macedonia
82%
Zagorje ob SaviSlovenia
82%
ZagboLiberia
73%
ZhemgangBhutan
64%
ZourKuwait
64%
ZinderNiger
55%
ZagazigEgypt
45%
ZugdidiGeorgia
45%
ZalaboldogfaHungary
45%
ZiguinchorSenegal
45%
ŻebbuġMalta
36%

Score Distribution

Percentile by Number Answered

Percent of People with Each Score

Your Score History

You have not taken this quiz